Sto rokov Sherlocka Holmesa

Bibliographic Details
Main Author: Bromet, Jane (Author)
Format: Article
Language:Slovak
PhysicalDescription:Fot. 2.
Subjects:

MARC

LEADER 00000nab a2200000 a 4500
001 vtls000278973
003 SK-MaSNL
005 20260304000552.0
008 111130c1987 xo 0 slo
015 |a SNBRB19rr/mm-uuuuu 
035 |a CL0289091 
040 |a SNKBUCL  |b slo  |c SNKBUCL  |e AACR2 
041 0 |a slo 
044 |a xo  |c SK 
080 |a 82:929:820  |2 1981 
080 |a 929  |2 1981 
080 |a 820  |2 1981 
080 |a 929 Doyle, Arthur Conan  |2 1981 
100 1 |a Bromet, Jane  |4 aut  |9 1276295 
245 1 0 |a Sto rokov Sherlocka Holmesa  |c Jane Bromet 
300 |b Fot. 2. 
600 1 7 |a Doyle, Arthur Conan,  |d 1859-1930  |2 snkbucl  |9 99139 
655 7 |a články z novín a časopisov  |2 snkbucl  |9 267496 
655 7 |a články z odboru literárna veda a krásna literatúra  |2 snkbucl  |9 770045 
773 0 |t Express  |g Roč. 18, č. 20 (1987), s. 18-19 
850 |a Slovenská národná knižnica v Martine  |a MTA001 
852 |a SNK  |b KIS3GCP 
958 |a RK 
958 |a LX 
992 |a RBX 
999 |c 2531847  |d 2533777